| 000 | 00000nam 2200000za 4500 |
| 001 | 9.802152 |
| 003 | CaOODSP |
| 005 | 20250611103712 |
| 007 | cr ||||||||||| |
| 008 | 150717s2015 oncdb #o f000 0 fre d |
| 020 | |a9780660030197 |
| 040 | |aCaOODSP|bfre |
| 043 | |an-cn--- |
| 086 | 1 |aA118-10/6-2013F-PDF |
| 245 | 00|aProfil de la culture de la canneberge au Canada, 2013 |h[ressource électronique] / |cpréparé par Programme de réduction des risques liés aux pesticides, Centre de la lutte antiparasitaire, Agriculture et Agroalimentaire Canada. |
| 260 | |aOttawa : |bAgriculture et Agroalimentaire Canada, |cc2015. |
| 300 | |a61 p. : |bill. (certaines coul.). |
| 500 | |aPublié aussi en anglais sous le titre: Crop profile for cranberry in Canada, 2013. |
| 692 | 07|2gccst|aCultures fruitières |
| 710 | 1 |aCanada. |bAgriculture et agroalimentaire Canada. |
| 710 | 2 |aCentre de la lutte antiparasitaire (Canada) |
| 775 | 08|tCrop profile for cranberry in Canada, 2013 |w(CaOODSP)9.802151 |
| 794 | |tProfil de la culture de la canneberge au Canada, 2016 / |w(CaOODSP)9.869749 |
| 856 | 40|qPDF|s1.38 Mo|uhttps://publications.gc.ca/collections/collection_2015/aac-aafc/A118-10-6-2013-fra.pdf |